Ecuador: un modelo para des armar: descentralización, disparidades regionales y modo de desarrollo /

Salvato in:
Dettagli Bibliografici
Autore principale: Barrera G, Augusto
Altri autori: coord, Gallegos, Franklin R., Rodríguez J, Lourdes
Natura: Sconosciuto
Pubblicazione: Quito: Centro de Investigaciones CIUDAD
Tags: Aggiungi Tag
Nessun Tag, puoi essere il primo ad aggiungerne!!

MARC

LEADER 00000 a2200000 04500
001 18370
003
008 991231s d
040 |a CRAI/IIS  |c CRAI/IIS 
090 |a 142901  
100 |a Barrera G, Augusto  
245 |a Ecuador: un modelo para des armar: descentralización, disparidades regionales y modo de desarrollo /  |c Augusto Barrera G.  
260 |a Quito:   |b Centro de Investigaciones CIUDAD  
300 |a 295 p.  
700 |a coord  
700 |a Gallegos, Franklin R.  
700 |a Rodríguez J, Lourdes  
999 |c 4360  |d 4360